[Event "NRW Holiday U16"]
[Site "Wewelsburg"]
[Date "2003.09.07"]
[Round "3"]
[White "Commer, Kevin"]
[Black "Schreyer, Erik"]
[Result "1/2-1/2"]
[WhiteElo "1361"]
[BlackElo "1020"]
[PlyCount "45"]
[EventDate "2003.09.??"]
[EventType "swiss"]
[EventRounds "7"]
[EventCountry "GER"]
[SourceTitle "EXT 2005"]
[Source "ChessBase"]
[SourceDate "2004.11.15"]
[SourceVersion "1"]
[SourceVersionDate "2004.11.15"]
[SourceQuality "1"]

1. e4 d5 2. exd5 Qxd5 3. Nc3 Qa5 4. Nf3 Bg4 5. Bc4 c6 6. d4 Nf6 7. 0-0 e6 8. Bg5 Bxf3 9. Qxf3 Qxg5 10. b4 Bxb4 11. Ne4 Nxe4 12. Qxe4 Qe7 13. Rab1 0-0 14. h3 Nd7 15. Bd3 Nf6 16. Qf3 Rfd8 17. Rfd1 Rd7 18. Rb3 Rad8 19. a3 Bxa3 20. c3 e5 21. dxe5 Qxe5 22. Rxa3 a6 23. Rb3 1/2-1/2